199 Birds / (Record no. 171497)
[ view plain ]
| 000 -LEADER | |
|---|---|
| fixed length control field | 01262nam a22003257i 4500 |
| 003 - CONTROL NUMBER IDENTIFIER | |
| control field | PPAK |
| 005 - DATE AND TIME OF LATEST TRANSACTION | |
| control field | 20190323165854.0 |
| 008 - FIXED-LENGTH DATA ELEMENTS--GENERAL INFORMATION | |
| fixed length control field | 190310t2018 enkao||d |||| 000 1 eng d |
| 020 ## - INTERNATIONAL STANDARD BOOK NUMBER | |
| International Standard Book Number | 9781474950893 |
| Terms of availability | RM 42.90 |
| Qualifying information | hardback |
| 040 ## - CATALOGING SOURCE | |
| Original cataloging agency | PPAK |
| Language of cataloging | eng |
| Transcribing agency | PPAK |
| Description conventions | rda |
| 082 04 - DEWEY DECIMAL CLASSIFICATION NUMBER | |
| Edition number | 23 |
| Classification number | 598 |
| 090 00 - LOCALLY ASSIGNED LC-TYPE CALL NUMBER (OCLC); LOCAL CALL NUMBER (RLIN) | |
| Classification number (OCLC) (R) ; Classification number, CALL (RLIN) (NR) | 598 |
| Feature heading | ONE |
| Feature heading | RK |
| 245 10 - TITLE STATEMENT | |
| Title | 199 Birds / |
| Statement of responsibility, etc. | Illustrated by Mar Ferrero, Nikki Dyson ; Designed by Yasmin Faulkner ; Edited by Hannah Watson |
| 246 33 - VARYING FORM OF TITLE | |
| Title proper/short title | One hundred and ninety nine Birds |
| 264 #1 - PRODUCTION, PUBLICATION, DISTRIBUTION, MANUFACTURE, AND COPYRIGHT NOTICE | |
| Place of production, publication, distribution, manufacture | London : |
| Name of producer, publisher, distributor, manufacturer | Usborne Publishing Ltd ; |
| Date of production, publication, distribution, manufacture, or copyright notice | 2018 |
| Date of production, publication, distribution, manufacture, or copyright notice | ©2018 |
| 300 ## - PHYSICAL DESCRIPTION | |
| Extent | [16 pages.] |
| Other physical details | color illustrations, color photographs ; |
| Dimensions | 26 cm. |
| 336 ## - CONTENT TYPE | |
| Source | rdacontent |
| Content type term | text |
| 337 ## - MEDIA TYPE | |
| Source | rdamedia |
| Media type term | unmediated |
| 338 ## - CARRIER TYPE | |
| Source | rdacarrier |
| Carrier type term | volume |
| 520 ## - SUMMARY, ETC. | |
| Summary, etc. | This picture reference book contains exactly 199 images of birds with their name. An essential for spotting birds and learning about these wonderful creatures. |
| 650 10 - SUBJECT ADDED ENTRY--TOPICAL TERM | |
| Topical term or geographic name entry element | Birds |
| Form subdivision | Juvenile literature. |
| General subdivision | Pictorial works |
| Topical term or geographic name entry element | Vocabulary |
| Form subdivision | Juvenile literature |
| General subdivision | Pictorial works |
| 655 ## - INDEX TERM--GENRE/FORM | |
| Genre/form data or focus term | Board books. |
| 700 10 - ADDED ENTRY--PERSONAL NAME | |
| Personal name | Ferrero, Mar |
| Relator term | illustrator. |
| Personal name | Dyson, Nikki |
| Relator term | illustrator. |
| Personal name | Faulkner, Yasmin |
| Relator term | designer. |
| Personal name | Watson, Hannah |
| Relator term | editor. |
| 942 ## - ADDED ENTRY ELEMENTS (KOHA) | |
| Source of classification or shelving scheme | Dewey Decimal Classification |
| Koha item type | Book |
| Withdrawn | Not for loan | Current library | Shelving location | Date acquired | Full call number | Barcode | Date last seen | Koha item type |
|---|---|---|---|---|---|---|---|---|
| Not For Loan | Perpustakaan Alor Setar | Rujukan Kanak-kanak | 01/04/2019 | RK 598 ONE | A01596448 | 01/04/2019 | Book | |
| Not For Loan | Perpustakaan Alor Setar | Rujukan Kanak-kanak | 01/04/2019 | RK 598 ONE | A01596449 | 01/04/2019 | Book | |
| Not For Loan | Perpustakaan Awam Sungai Petani | Rujukan Kanak-kanak | 01/04/2019 | RK 598 ONE | A01596450 | 01/04/2019 | Book | |
| Not For Loan | Perpustakaan Jitra | Rujukan Kanak-kanak | 01/04/2019 | RK 598 ONE | A01596451 | 01/04/2019 | Book | |
| Not For Loan | Perpustakaan Kulim | Rujukan Kanak-kanak | 01/04/2019 | RK 598 ONE | A01596453 | 01/04/2019 | Book | |
| Not For Loan | Perpustakaan Langkawi | Rujukan Kanak-kanak | 01/04/2019 | RK 598 ONE | A01596452 | 01/04/2019 | Book |